La responabilidad civil Temas actuales /

Detalles Bibliográficos
Autor principal: Santos Briz, Jaime
Formato: Desconocido
Lenguaje:español
Publicado: [Madrid] : Montecorvo, 2001
Materias:
Acceso en línea:Texto completo (Vlex)

MARC

LEADER 00000ny a22000003n 4500
005 2011052506386.0
008 080620s2001 sp s 000 0 spa c
020 |a 8471114003 
035 |a 1724 
040 |a UMA.RE  |d vLex 
080 |a 347.51(0.034) 
090 |c 262  |d 262 
100 1 |a Santos Briz, Jaime 
245 1 3 |a La responabilidad civil  |h [Recurso electrn̤ico]  |b Temas actuales /  |c Jaime Santos Briz 
256 |a Servicio en ln̕ea 
260 |a [Madrid] :  |b Montecorvo,  |c 2001 
506 1 |a Contenido solo disponible en los productos indicados  |d vLex Global  |d vLex Global (Academic Edition, excluding Law Schools)  |d vLex Global (U.S. Academic Edition, Law Schools)  |d vLex Global (U.S. Academic Edition, excluding Law Schools)  |d vLex Global (Academic Edition, Law Schools) 
650 |2 Tesauro vLex  |a Responsabilidad civil 
650 |2 Tesauro vLex  |a Civil 
740 0 |a vLex Libros (Servicios en ln̕ea) 
856 4 0 |z Texto completo (Vlex)  |u https://app.vlex.com/#/sources/1724 
942 |c BOOK 
999 0 |a Civil Law   |b Madrid